[Event "Karpov Trophy XVI 2018"]
[Site "Cap d/^Agde"]
[Date "2018.10.29"]
[Round "4"]
[White "Khademalsharieh, Sarasadat"]
[Black "Sumets, Andrey"]
[Result "0-1"]
[WhiteElo "2431"]
[BlackElo "2575"]
[Annotator "TA"]
[PlyCount "68"]
[EventDate "2018.10.27"]
[EventCountry "FRA"]
[SourceTitle "playchess.com"]
[Source "ChessBase"]
[SourceQuality "1"]

{[%evp 22,68,25,0,6,0,11,-19,0,0,0,0,0,0,0,0,0,-29,-9,-82,0,-71,-40,-111,-58,-37,-56,-28,0,0,0,0,0,0,0,0,0,0,-8,-106,-123,-116,-111,-485,-485,-485,0,-485,-485]} 1. d4 d5 2. c4 c6 3. Nf3 Nf6 4. e3 e6 5. b3 Bd6 6. Bb2 O-O 7. Bd3 Nbd7 8. O-O Ne4 9. Qc2 {D30: Queen's Gambit Declined: Systems without Nc3} f5 10. Ba3 Bxa3 11. Nxa3 Qe7 12. Qb2 {LiveBook: 4 Games} b6 13. Rac1 Bb7 {[#]} 14. Rfd1 $146 ({Predecessor:} 14. cxd5 exd5 15. g3 a5 16. Rfd1 Rae8 {1-0 (62) Bartel,M (2665)-Berescu,A (2494) Plovdiv 2012}) 14... Rf6 15. Nb1 Rh6 16. Nbd2 g5 {[%cal Bg7g5,Bg5g4][%mdl 32]} 17. Nf1 g4 18. Ne5 Nxe5 19. dxe5 c5 20. a3 {[#]} (20. b4 $11 {keeps the balance.}) 20... a5 (20... Ng5 $1 $17 21. cxd5 Bxd5) 21. Qe2 (21. Bxe4 $11 fxe4 22. Qe2) 21... Ng5 22. Ng3 (22. cxd5 $15 Bxd5 23. Bc4) 22... Rf8 (22... d4 $17 {Hoping for ...Bf3!} 23. exd4 cxd4 24. Bxf5 Bf3) 23. cxd5 $15 Bxd5 {And now ...Bf3! would win.} 24. e4 fxe4 25. Bc4 {[#]} Nf3+ $1 {[%mdl 512]} 26. gxf3 gxf3 27. Qe3 $1 {[%cal Re3h6]} ({But not} 27. Qd2 $2 Qh4 $19) 27... Qh4 $40 {[%mdl 128] White needs to defend precisely.} 28. Kf1 Qxh2 {( -> ...Qh1+!)} 29. Ke1 Rg6 {[%cal Bh6g6,Bg6g3,Bg3g1][%mdl 32] Threatens to win with ...Rxg3.} 30. Rxd5 (30. Nxe4 $11 Qxe5 31. Nc3 Qxe3+ 32. fxe3 f2+ 33. Kd2) 30... exd5 $17 31. Bxd5+ Kh8 {...Rxg3 is the strong threat.} 32. e6 $2 {[%mdl 8192]} (32. Nxe4 $17 Qxe5 33. Qc3 Qxc3+ 34. Nxc3) 32... Rxg3 $1 $19 33. e7 Rg1+ 34. Kd2 Re8 {Precision: White = 36%, Black = 57%.} 0-1

[Event "Karpov Trophy XVI 2018"]
[Site "Cap d/^Agde"]
[Date "2018.10.29"]
[Round "4"]
[White "Goix, Theo"]
[Black "Jehan, Julien"]
[Result "1/2-1/2"]
[WhiteElo "2068"]
[BlackElo "1991"]
[Annotator "NA"]
[PlyCount "82"]
[EventDate "2018.10.27"]
[EventCountry "FRA"]
[SourceTitle "playchess.com"]
[Source "ChessBase"]
[SourceQuality "1"]
[TimeControl "5400+30"]

1. d4 {[%emt 0:00:00]} Nf6 {[%emt 0:00:00]} 2. Bf4 {[%emt 0:00:00]} e6 {[%emt 0:00:26]} 3. e3 {[%emt 0:00:06]} d5 {[%emt 0:00:59]} 4. Nf3 {[%emt 0:00:20]} Bd6 {[%emt 0:02:36]} 5. Bxd6 {[%emt 0:05:48]} Qxd6 {[%emt 0:00:31]} 6. Nbd2 {[%emt 0:00:17]} Nbd7 {[%emt 0:05:34] LiveBook: 7 Games} 7. Bd3 {[%emt 0:03:56]} e5 {[%emt 0:06:00]} 8. dxe5 {[%emt 0:04:31]} Nxe5 {[%emt 0:00:16]} 9. Nxe5 {[%emt 0:03:59]} Qxe5 {[%emt 0:00:11]} 10. c3 {[%emt 0:01:30]} O-O {[%emt 0:04:26]} 11. h3 {[%emt 0:05:51]} c5 {[%emt 0:05:38]} 12. Nf3 {[%emt 0:12:34]} Qe7 {[%emt 0:01:41]} 13. O-O {[%emt 0:02:31]} Bd7 {[%emt 0:01:46]} 14. Re1 {[%emt 0:03:40] D02: 1 d4 d5 2 Nf3 sidelines, including 2...Nf6 3 g3 and 2...Nf6 3 Bf4} (14. Qe2 Rfe8 15. Bb5 Rad8 16. Rad1 h6 17. Rfe1 {½-½ (17) Lerch,P (2334)-Colpe,M (2411) Germany 2017}) 14... Bc6 {[%emt 0:08:57]} 15. Qe2 $146 {[%emt 0:04:23]} ({Predecessor:} 15. Rc1 Rad8 16. Bb1 Rfe8 17. Qc2 Ne4 18. Re2 Qf6 19. Nd2 Qh4 20. Nf3 Qh5 21. Kh2 Bd7 {0-1 (35) Wagner,G-Reinhold,K Recklinghausen 2000}) 15... a6 {[%emt 0:04:43]} 16. Rad1 {[%emt 0:03:57]} Rad8 {[%emt 0:03:30]} 17. Bb1 {[%emt 0:02:03]} Ne4 {[%emt 0:03:14]} 18. Qc2 {[%emt 0:04:33]} b5 {[%emt 0:03:43]} 19. Nh2 {[%emt 0:04:41]} f5 {[%emt 0:05:41]} 20. Qe2 {[%emt 0:03:43]} Rf6 {[%emt 0:03:10]} 21. Nf1 $15 {[%emt 0:02:59]} Qf7 {[%emt 0:05:55]} 22. Nd2 {[%emt 0:05:39]} Nxd2 {[%emt 0:05:04]} 23. Rxd2 {[%emt 0:02:23]} Re8 {[%emt 0:03:01]} 24. Qd3 {[%emt 0:03:32]} g6 {[%emt 0:01:37]} 25. Rde2 {[%emt 0:01:12]} Kg7 {[%emt 0:03:27]} 26. a4 {[%emt 0:03:17]} Qb7 {[%emt 0:02:59]} 27. a5 {[%emt 0:02:31]} b4 {[%emt 0:01:19]} 28. Qd1 {[%emt 0:05:26]} Rfe6 {[%emt 0:04:27]} 29. Ba2 {[%emt 0:02:00]} Rd6 {[%emt 0:03:53]} 30. Rd2 {[%emt 0:01:35]} d4 {[%emt 0:03:08]} 31. f3 {[%emt 0:00:48]} Red8 {[%emt 0:03:11]} 32. exd4 {[%emt 0:00:35]} Qd7 {[%emt 0:01:01]} 33. d5 {[%emt 0:02:20]} Bxd5 {[%emt 0:00:53]} 34. Bxd5 {[%emt 0:00:08]} Rxd5 {[%emt 0:00:11]} 35. Rxd5 {[%emt 0:00:06]} Qxd5 {[%emt 0:00:09]} 36. Qxd5 {[%emt 0:00:58]} Rxd5 {[%emt 0:00:01]} 37. Re6 {[%emt 0:00:23]} Rd2 {[%emt 0:03:06]} 38. cxb4 {[%emt 0:01:01]} cxb4 {[%emt 0:00:10]} 39. Rxa6 {[%emt 0:00:25]} Rxb2 {[%emt 0:00:02]} 40. Rb6 {[%emt 0:00:49]} Ra2 {[%emt 0:02:34]} 41. Rxb4 {[%emt 0:00:49]} Rxa5 {[%emt 0:00:36]} 1/2-1/2

[Event "Karpov Trophy XVI 2018"]
[Site "Cap d/^Agde"]
[Date "2018.10.29"]
[Round "4"]
[White "Baudin, Frederic"]
[Black "Molano, Juan Pablo"]
[Result "0-1"]
[WhiteElo "2021"]
[BlackElo "2142"]
[Annotator "NA"]
[PlyCount "70"]
[EventDate "2018.10.27"]
[EventCountry "FRA"]
[SourceTitle "playchess.com"]
[Source "ChessBase"]
[SourceQuality "1"]
[TimeControl "5400+30"]

1. d4 {[%emt 0:02:52]} d5 {[%emt 0:00:00]} 2. c4 {[%emt 0:00:10]} e6 {[%emt 0:00:00]} 3. Nf3 {[%emt 0:00:07]} f5 {[%emt 0:00:00]} 4. g3 {[%emt 0:00:18]} Nf6 {[%emt 0:00:00]} 5. Bg2 {[%emt 0:00:13]} c6 {[%emt 0:00:00]} 6. O-O {[%emt 0:00:28]} Bd6 {[%emt 0:00:00] LiveBook: 2557 Partien} 7. b3 {[%emt 0:00:32]} Qe7 {[%emt 0:00:00]} 8. Nc3 {[%emt 0:00:42]} O-O {[%emt 0:00:00]} 9. Ne5 {[%emt 0:01:54] A90: Dutch Defence: Miscellaneous and Modern Stonewall (with ...Bd6)} (9. Bb2 b6 10. Rc1 Bb7 11. e3 Nbd7 12. Ne2 Ne4 13. Nf4 Rac8 14. Ne5 Rfd8 15. Nxd7 Rxd7 16. f3 Nf6 17. Qd2 c5 18. cxd5 Nxd5 19. Nxd5 Bxd5 {1-0 (71) Ragger,M (2687)-Johannessen,L (2487) Minsk 2015}) 9... Nbd7 {[%emt 0:01:44]} 10. Bf4 {[%emt 0:02:49]} Ne4 {[%emt 0:01:03]} 11. Nxe4 {[%emt 0:01:52]} fxe4 {[%emt 0:00:07]} 12. f3 $146 {[%emt 0:03:01]} ({Predecessor:} 12. Qd2 Nxe5 13. dxe5 Bb4 14. Qc1 Ba3 15. Bg5 Qc5 16. Be3 Qe7 {0-1 (58) Radulski,J (2493)-Sedlak,N (2524) Pancevo 2003}) 12... Nxe5 {[%emt 0:29:58]} 13. Bxe5 {[%emt 0:00:39]} Bxe5 {[%emt 0:02:11]} 14. dxe5 {[%emt 0:00:09]} Qc5+ {[%emt 0:00:29]} 15. Kh1 {[%emt 0:00:43]} exf3 {[%emt 0:00:30]} 16. Rxf3 {[%emt 0:02:25]} Bd7 {[%emt 0:01:51]} 17. Qd3 {[%emt 0:04:35]} Rxf3 {[%emt 0:08:30]} 18. exf3 {[%emt 0:01:18]} Be8 {[%emt 0:00:48]} 19. cxd5 {[%emt 0:04:38]} cxd5 {[%emt 0:02:39]} 20. Bh3 {[%emt 0:06:19]} Bd7 {[%emt 0:01:13]} 21. b4 {[%emt 0:02:44]} Qc7 {[%emt 0:04:12]} 22. f4 {[%emt 0:02:44]} g6 {[%emt 0:00:38]} 23. Re1 $15 {[%emt 0:02:06]} Rc8 {[%emt 0:00:26]} 24. Re2 {[%emt 0:03:42]} Qc3 {[%emt 0:04:21]} 25. Qxc3 {[%emt 0:02:39]} Rxc3 {[%emt 0:00:05]} 26. Kg2 {[%emt 0:00:09]} Kf7 {[%emt 0:00:46]} 27. Kf2 {[%emt 0:00:06]} Bb5 {[%emt 0:01:08]} 28. Rd2 {[%emt 0:00:30]} Rc1 {[%emt 0:00:45]} 29. Bg2 {[%emt 0:01:46]} Rb1 {[%emt 0:01:22]} 30. a3 {[%emt 0:01:01]} Ra1 {[%emt 0:00:50]} 31. Rc2 {[%emt 0:00:03]} Bc4 {[%emt 0:01:16]} 32. Rc3 {[%emt 0:01:27]} Ra2+ {[%emt 0:00:31]} 33. Kg1 {[%emt 0:00:06]} b5 {[%emt 0:00:40]} 34. g4 {[%emt 0:00:33]} d4 {[%emt 0:03:14]} 35. Rf3 {[%emt 0:01:58]} d3 0-1

[Event "Karpov Trophy XVI 2018"]
[Site "Cap d/^Agde"]
[Date "2018.10.30"]
[Round "5"]
[White "Kravtsiv, Martyn"]
[Black "Moussard, Jules"]
[Result "1-0"]
[WhiteElo "2654"]
[BlackElo "2579"]
[Annotator "TA"]
[PlyCount "95"]
[EventDate "2018.10.27"]
[EventCountry "FRA"]
[SourceTitle "playchess.com"]
[Source "ChessBase"]
[SourceQuality "1"]

{[%evp 22,95,54,49,143,137,156,129,151,145,149,137,142,149,181,195,317,317,310,307,322,315,294,276,307,279,293,293,289,162,163,165,164,159,164,179,232,233,272,259,246,231,230,227,313,289,318,296,305,306,287,118,110,0,243,296,520,462,891,859,875,600,808,837,1118,1106,1391,1257,1201,1010,29984,29985,29985,29986,29989,29990]} 1. d4 d6 2. Nf3 Nf6 3. g3 g6 4. Bg2 Bg7 5. O-O O-O 6. c4 Nc6 7. Nc3 Rb8 8. Bf4 {E62: King's Indian: Fianchetto: 6...c6 and Panno Variation (6...Nc6) without ...a6} (8. b3 a6 9. d5 Na5 10. Bd2 c5 11. dxc6 Nxc6 12. Qc1 Bd7 13. Bh6 b5 14. Bxg7 Kxg7 15. cxb5 axb5 16. Qb2 Kg8 17. b4 Qb6 18. Rfd1 Rfc8 {½-½ (77) Inarkiev,E (2689)-Zhao,J (2604) Riadh 2017}) 8... a6 9. Rc1 Bd7 10. a3 Re8 11. d5 Na5 12. Nd2 $1 {LiveBook: 4 Games} e5 ({Black should try} 12... b5 $14) 13. Bg5 $16 b6 14. Nce4 $146 ({Predecessor:} 14. b4 Nb7 15. Nde4 Bf5 16. e3 Kh8 17. Qf3 h6 18. Bxf6 Bxf6 19. Nxf6 Qxf6 20. e4 {1-0 (20) Sparenberg,E (2119)-De Boer,E (2027) Groningen 2016}) 14... Bf5 15. b4 Nb7 16. Qa4 Bd7 17. Qb3 {Qf3 is the strong threat.} Bf5 18. Qf3 Nxe4 (18... h6 $142) 19. Bxd8 $18 Nxd2 20. Qc3 Rbxd8 21. Qxd2 e4 22. e3 h5 23. Rfd1 a5 24. Qc2 Ra8 25. Rd4 (25. Rf1 $142) 25... axb4 26. axb4 {[%cal Rg2e4]} Bxd4 27. exd4 e3 28. Qe2 Bg4 (28... Ra3 {might work better.} 29. fxe3 Rexe3) 29. f3 Bd7 30. Bf1 Ra3 31. Qb2 Rea8 {[#]} 32. Re1 $1 Bf5 33. h3 {[%cal Bh2h3,Bh3g4][%mdl 32]} g5 34. g4 hxg4 35. hxg4 ({Don't take} 35. fxg4 Be4 $18) 35... Bg6 36. Re2 (36. Qc1 $18) 36... Rd3 $16 {[#]} 37. Re1 (37. c5 $1 $16 {[%mdl 512] And now cxb6 would win.} Rd1 (37... bxc5 38. dxc5) 38. c6 (38. Rxe3 Raa1 $16)) 37... Rda3 $1 $18 {[#]} 38. c5 $1 {[%mdl 512]} bxc5 $2 (38... f6 39. Qc1 Nd8 40. cxb6 cxb6 41. Rxe3 Ra1) 39. bxc5 dxc5 (39... Nd8 $142 40. cxd6 cxd6) 40. Qxb7 cxd4 41. Qb2 Rc3 42. Qb4 c5 43. dxc6 Rd8 44. Qb7 d3 {[#]} 45. Qd7 $1 {[%mdl 512]} Rxd7 46. cxd7 {White mates.} d2 47. d8=Q+ Kh7 48. Re2 {Precision: White = 68%, Black = 45%.} 1-0

[Event "Karpov Trophy XVI 2018"]
[Site "Cap d/^Agde"]
[Date "2018.10.30"]
[Round "5"]
[White "Onischuk, Alexander"]
[Black "Navrotescu	, Andrea"]
[Result "1-0"]
[WhiteElo "2647"]
[BlackElo "2244"]
[Annotator "TA"]
[PlyCount "87"]
[EventDate "2018.10.27"]
[EventCountry "FRA"]
[SourceTitle "playchess.com"]
[Source "ChessBase"]
[SourceQuality "1"]

{[%evp 14,87,0,0,5,0,0,-20,14,-8,20,2,22,35,34,18,12,0,64,58,70,56,56,46,49,62,106,108,107,111,126,130,158,111,124,117,255,251,273,279,441,407,469,469,469,469,469,465,454,455,855,614,612,611,585,577,637,637,954,906,864,866,854,843,785,727,689,639,5200,5200,5206,5185,4814,4132,5110,1672]} 1. Nf3 c5 2. g3 Nc6 3. Bg2 g6 4. d4 cxd4 5. Nxd4 Bg7 6. Nb3 Nf6 7. Nc3 O-O {A04: Unusual lines after 1 Nf3 and King's Indian Attack} (7... d6 8. O-O O-O 9. e4 Bg4 10. f3 Be6 11. f4 a5 12. a4 Nb4 13. Kh1 Qb6 14. Ra3 Rac8 15. h3 d5 16. f5 Bd7 17. fxg6 fxg6 {½-½ (43) Korobov,A (2652)-Safarli,E (2639) Riadh 2017}) 8. e4 {LiveBook: 13 Games} Rb8 9. a4 d6 {The position is equal.} 10. h3 Be6 11. Nd5 $146 ({Predecessor:} 11. O-O Qc8 12. Kh2 Bc4 13. Re1 Rd8 14. Nd5 e6 15. Nxf6+ Bxf6 16. f4 Nb4 {0-1 (36) Kruglyakov,P-Dobrzhanskaia,I (2087) Kiev 2002}) 11... Ne5 12. O-O Nxd5 13. exd5 Bd7 14. Re1 Nc4 15. c3 e5 (15... Qc8 $11) 16. dxe6 $1 $14 fxe6 17. Nd4 Qf6 18. Qe2 Kh8 19. b3 e5 20. bxc4 {aiming for Nb5.} exd4 21. cxd4 Qxd4 22. Be3 $36 {[%mdl 2048] White is really pushing.} Qe5 23. Rab1 b6 24. Qd2 Bxa4 {[#]} (24... Rfe8 $16) 25. Ra1 $1 $18 {[%cal Ra1a4][%mdl 512]} b5 (25... Qxa1 26. Rxa1) 26. cxb5 ({Don't do} 26. Bxa7 $6 Qc3 $16) 26... Qxb5 (26... Bxb5 {was called for.} 27. Rxa7 (27. Bxa7 Qc3 $16) 27... Qb2) 27. Bd4 Qb4 28. Bxg7+ {White is clearly winning.} Kxg7 29. Re7+ Rf7 30. Rxf7+ Kxf7 31. Qe3 a5 {[#]} (31... Kf6 $142 32. Qxa7 Bb3 33. Qxh7 Ba2) 32. Rxa4 $1 {[%mdl 512]} Qxa4 {[%mdl 4096] Endgame KQR-KQB} 33. Qa7+ Kf6 {And now ...Rf8 would win.} 34. Qxb8 Qd1+ 35. Kh2 a4 36. Qh8+ Ke6 37. Qxh7 Qc2 38. Qg8+ Ke7 39. Qg7+ Ke6 40. Qd4 Qa2 41. Bc6 a3 42. Qe4+ Kf6 43. Kg2 Qd2 44. Qf3+ {Precision: White = 79%, Black = 24%.} 1-0

[Event "Karpov Trophy XVI 2018"]
[Site "Cap d/^Agde"]
[Date "2018.10.30"]
[Round "5"]
[White "Fedorchuk, Sergey A."]
[Black "Bellahcene, Bilel"]
[Result "1/2-1/2"]
[WhiteElo "2607"]
[BlackElo "2502"]
[Annotator "TA"]
[PlyCount "94"]
[EventDate "2018.10.27"]
[EventCountry "FRA"]
[SourceTitle "playchess.com"]
[Source "ChessBase"]
[SourceQuality "1"]

{[%evp 13,94,11,12,26,20,20,30,-20,-24,-32,-10,-19,-17,-74,-25,-25,-20,-33,-33,-33,-22,-52,43,30,23,22,64,28,23,0,0,-6,-4,0,16,-23,18,-34,-35,-28,-28,-27,-28,-41,-31,-43,-37,-92,-57,-167,-63,-66,-63,-72,-58,-99,-61,-61,-59,-70,-70,-82,-93,-93,-77,-81,-25,-25,-25,-29,-28,-28,-29,-28,-29,-36,-27,-27,-14,-28,-15,-16,-22]} 1. e4 c5 2. Nf3 d6 3. d4 cxd4 4. Qxd4 Nf6 5. Be2 Nc6 6. Qe3 {B53: Sicilian: 2...d6: Lines with Qxd4} g6 7. O-O Bg7 {LiveBook: 6 Games} 8. Rd1 (8. h3 O-O 9. Rd1 Nd7 10. Nc3 b6 11. b3 Bb7 12. Bb2 Rc8 {½-½ (48) Demchenko,A (2679)-Sarana,A (2641) Sochi 2018}) 8... Ng4 $146 ({Predecessor:} 8... O-O 9. h3 Nd7 10. c4 Qb6 11. Qxb6 axb6 12. Nbd2 Nc5 {0-1 (28) Druska,J (2441)-Aczel,G (2538) Banska Stiavnica 2018}) 9. Qb3 O-O 10. c4 Qa5 11. Rd5 Qc7 12. Nc3 $1 {[%cal Bb1c3,Bc3d5,Bd5f4][%mdl 32]} Be6 13. Rb5 (13. Rd1 $11) 13... b6 14. Nd5 Qd8 15. Qd1 Rc8 16. Ng5 Nge5 17. Be3 Nb8 (17... Bd7 $1 $15) 18. Nxe6 $14 fxe6 19. Nf4 Qd7 20. Rc1 Na6 21. Nh3 Nc5 22. f4 Nf7 23. Nf2 e5 24. b4 Na6 25. c5 (25. fxe5 $11 Nxe5 26. Ng4) 25... Nc7 26. c6 Qe8 27. Rd5 exf4 28. Bxf4 Ne6 $1 $36 {[%cal Re6f4][%mdl 2048] White is under pressure.} 29. Be3 {Hoping for Bg4.} Rxc6 30. Bg4 (30. Bb5 $15 Rxc1 31. Qxc1) 30... Ned8 31. Rd2 {[#]} (31. Be2 $15) 31... Rxc1 (31... Bc3 $1 $19 32. Rdc2 Bxb4 33. Rxc6 Nxc6) 32. Qxc1 $15 Ne5 {Threatens to win with ...Rxf2!} 33. Be2 Ne6 34. Ng4 Kh8 35. Nxe5 dxe5 36. Qc4 Nd4 37. Bg4 h5 38. Bd1 Kh7 39. Rf2 Qc6 ({Black should play} 39... Rxf2 $17 40. Bxf2 Qa8) 40. Qxc6 $11 Nxc6 41. Rxf8 Bxf8 {[%mdl 4096] Endgame KBB-KBN} 42. b5 Nd8 43. Bb3 Bh6 44. Bf2 Kg7 45. Kf1 Bd2 46. Ke2 Bb4 47. Bh4 Ba3 {Precision: White = 50%, Black = 52%.} 1/2-1/2

[Event "Karpov Trophy XVI 2018"]
[Site "Cap d/^Agde"]
[Date "2018.10.30"]
[Round "5"]
[White "Sumets, Andrey"]
[Black "Vaisser, Anatoli"]
[Result "1-0"]
[WhiteElo "2575"]
[BlackElo "2504"]
[Annotator "TA"]
[PlyCount "87"]
[EventDate "2018.10.27"]
[EventCountry "FRA"]
[SourceTitle "playchess.com"]
[Source "ChessBase"]
[SourceQuality "1"]

{[%evp 18,87,29,29,26,18,43,43,45,35,27,32,61,0,135,124,170,164,167,125,164,164,181,181,288,277,266,277,290,281,382,217,436,293,383,479,469,470,451,466,447,375,573,492,508,508,496,504,572,531,797,719,700,699,661,464,445,446,499,472,472,472,472,472,474,474,474,474,474,467,602,579]} 1. d4 Nf6 2. c4 {[%cal Bc2c4,Bc4b5][%mdl 32]} c5 3. d5 b5 4. cxb5 a6 5. bxa6 g6 6. Nc3 {A58: Benko/Volga Gambit: Lines with 5 bxa6} Bg7 7. Nf3 O-O 8. a7 (8. g3 d6 9. Bg2 Nxa6 10. O-O Bf5 11. Nh4 Bd7 12. b3 Qb6 13. Bd2 Rfb8 14. Re1 Nc7 15. Qc2 Ra3 16. Qc1 Qa7 17. e4 Ng4 18. h3 {0-1 (38) Li,C (2732)-Shankland,S (2671) Liaocheng 2018}) 8... Rxa7 9. e4 e6 10. Be2 {LiveBook: 36 Games} exd5 11. exd5 d6 12. O-O Na6 13. Nd2 Nc7 {[#]} 14. Nc4 $146 Bb7 {[%cal Rf6d5]} 15. Bf4 (15. Bf3 $14) 15... Ra6 {[#]} (15... Nfxd5 $11 {remains equal.} 16. Bxd6 Nxc3 17. bxc3 Re8) 16. Bf3 $1 $16 Qd7 17. Qd2 h6 18. h3 $36 {[%mdl 2048] White is really pushing.} ({Don't do} 18. Bxh6 $6 Bxh6 19. Qxh6 Ncxd5 $16) 18... Kh7 19. Rfe1 Rd8 20. a4 {[%cal Ba2a4,Ba4a5][%mdl 32]} Ng8 (20... Rb8 {was necessary.} 21. a5 Qd8) 21. a5 $18 f5 22. Na4 {And now Nab6 would win.} Qf7 {[%cal Rb7d5]} 23. Nab6 Qf8 24. Rab1 (24. Rac1 $142) 24... g5 $2 (24... Nb5 25. Re6 g5) 25. Be3 Ne7 {[#]} 26. Nxd6 $1 {[%mdl 512]} Rxd6 27. Bxc5 Nc8 28. Be2 Raxb6 29. axb6 Nxd5 (29... Nxb6 {is a better defense.} 30. Qc2 Ncxd5 31. Bxd6 Qxd6 32. Qxf5+ Qg6 33. Qxg6+ Kxg6) 30. Bf3 {White is clearly winning.} Qf6 31. Bxd6 Qxd6 32. Qd3 Qd7 33. g4 Qf7 {intending ...Nf4.} 34. Qxf5+ Qxf5 35. gxf5 Ncxb6 36. Re6 Bc8 37. Rd6 Bxf5 38. Rd1 (38. Bxd5 Nxd5 39. Re1 Nf4 $16) 38... Bf8 39. R6xd5 ({Less strong is} 39. R1xd5 Nxd5 40. Rxd5 Bxh3 $18) 39... Nxd5 40. Rxd5 ({Not} 40. Bxd5 Bxh3 41. Rc1 Bf5 $18) 40... Bxh3 41. Be4+ Kg7 42. Bf5 g4 43. Bd7 Kf6 {[#]} 44. f3 $1 {Precision: White = 74%, Black = 40%.} 1-0

[Event "Karpov Trophy XVI 2018"]
[Site "Cap d/^Agde"]
[Date "2018.10.30"]
[Round "5"]
[White "Shchekachev, Andrei"]
[Black "David, Alberto"]
[Result "1/2-1/2"]
[WhiteElo "2517"]
[BlackElo "2561"]
[Annotator "TA"]
[PlyCount "46"]
[EventDate "2018.10.27"]
[EventCountry "FRA"]
[SourceTitle "playchess.com"]
[Source "ChessBase"]
[SourceQuality "1"]

{[%evp 26,46,8,1,15,0,0,0,0,-3,-6,0,0,-22,35,21,72,0,-10,-3,-16,-6,-22]} 1. Nf3 Nf6 2. c4 b6 3. Nc3 Bb7 4. d4 e6 5. Qd3 Bb4 6. a3 Bxc3+ 7. Qxc3 O-O 8. Bg5 h6 9. Bh4 d6 10. Nd2 Nbd7 11. f3 c5 12. e4 Rc8 13. Bd3 {E32: Nimzo-Indian: Classical (4 Qc2): 4...0-0} d5 14. exd5 {LiveBook: 9 Games} Nxd5 (14... exd5 15. O-O dxc4 16. Bxc4 cxd4 17. Qxd4 Nc5 18. Bxf6 Qxf6 19. Qxf6 gxf6 20. Rfd1 Na4 {½-½ (49) Carlsen,M (2823)-Anand,V (2817) Sao Paulo/Bilbao 2011 CBM 145 [Edouard,R]}) 15. Bxd8 Nxc3 16. Bh4 {[%cal Bd8h4,Bh4f2,Bf2d4][%mdl 32]} Na4 $1 {[%cal Ra4b2]} 17. b3 Nc3 $1 {[%cal Ba4c3,Bc3d5,Bd5f6][%mdl 32]} ({And not} 17... Nb2 18. Be2 $16) 18. Bf2 Rfd8 {White must now prevent ...Ne5!} 19. Bf1 $146 ({Predecessor:} 19. Bc2 cxd4 20. Bxd4 Nb5 {½-½ (37) Rizzo,R (2459)-Skeels,J (2413) ICCF email 2005}) 19... f5 (19... a5 $11) 20. h4 $14 Rc6 {[#]} (20... Rc7 $11) 21. Rc1 (21. b4 $1 $16) 21... cxd4 $11 {The position is equal.} 22. Bxd4 {[#]} Nd5 $1 {[%mdl 512]} 23. Rd1 (23. cxd5 Rxc1+) 23... N5f6 1/2-1/2

[Event "Karpov Trophy XVI 2018"]
[Site "Cap d/^Agde"]
[Date "2018.10.30"]
[Round "5"]
[White "Zelcic, Robert"]
[Black "Gozzoli, Yannick"]
[Result "0-1"]
[WhiteElo "2508"]
[BlackElo "2612"]
[Annotator "TA"]
[PlyCount "76"]
[EventDate "2018.10.27"]
[EventCountry "FRA"]
[SourceTitle "playchess.com"]
[Source "ChessBase"]
[SourceQuality "1"]

{[%evp 24,76,23,8,26,22,41,35,39,41,38,35,33,38,32,52,36,20,42,13,27,30,41,-7,-7,-4,-7,-14,0,-17,22,-16,0,0,0,0,0,0,0,-61,-61,-61,-64,-78,-6,-6,0,-17,-19,-35,-31,-137,-131,-612,-615]} 1. e4 c5 2. Nf3 Nc6 3. d4 cxd4 4. Nxd4 g6 5. Be2 Bg7 6. Nb3 Nf6 7. Nc3 O-O 8. O-O d6 9. Bg5 Be6 10. Kh1 a5 11. a4 Qc8 12. f4 {B70: Sicilian Dragon: 6 g3 and 6 Be2 (without a later Be3)} Rd8 13. Bf3 {LiveBook: 5 Games} d5 (13... Nb4 14. Nd4 Bc4 15. Be2 h6 16. Bh4 e5 17. Ndb5 exf4 18. Bxc4 Qxc4 19. Bxf6 Bxf6 20. Rxf4 {0-1 (43) Cubas,J (2455)-Tiviakov,S (2664) Tromsoe 2014}) 14. Nxd5 $146 {White has an edge.} ({Predecessor:} 14. exd5 Nb4 15. Qc1 Nfxd5 16. Nxd5 Nxd5 17. Rd1 Qc4 18. Qd2 Bxb2 19. Rab1 Bc3 {½-½ (41) Tompa,J (2407)-Grecescu,G (2405) Hungary 2007}) 14... Bxd5 15. exd5 Nb4 {[%cal Rf6d5]} 16. Bxf6 Bxf6 17. c3 Nxd5 $1 18. Bxd5 {And now Qf3 would win.} e6 19. Bxe6 $1 Qxe6 20. Qc2 Qc4 21. Rf2 Rd3 22. Nd2 Qd5 23. c4 Qf5 24. Nf3 Rad8 25. Raf1 R8d7 26. h3 b6 27. Ne1 Re3 28. Qxf5 gxf5 29. Rf3 Re4 30. b3 Rd2 31. Rg3+ (31. Rd3 $11 Ree2 32. Rxd2 Rxd2 33. Nf3) 31... Kf8 $15 {White must now prevent ...Rd1.} 32. Nd3 Bd4 33. Ne5 {[#]} Rxf4 (33... Be3 $1 $17 {[%cal Re3f4]} 34. Nf3 Rf2 35. Rxf2 Bxf2) 34. Rgf3 $1 $132 {[%cal Rf3f4][%mdl 2048] White puts up resistance} (34. Rxf4 $2 {too greedy.} Rd1+ 35. Kh2 Bg1+ 36. Kh1 Be3+ 37. Kh2 Bxf4 $19) ({But not} 34. Nd7+ $2 Ke7 $19) 34... Re4 35. Nc6 Bc5 {Threatens to win with ...Ree2.} 36. Rxf5 Ree2 $1 {[%cal Re2g2]} 37. Rxf7+ (37. Rd5 $15) 37... Kg8 $17 38. R7f4 $2 {[%mdl 8192] [#]} (38. R1f6 $17) 38... h5 $1 {Precision: White = 40%, Black = 53%.} 0-1